| 000 | 00842nam a2200277Ia 4500 | ||
|---|---|---|---|
| 003 | OSt | ||
| 005 | 20220918163531.0 | ||
| 006 | a|||||r|||| 00| 0 | ||
| 007 | ta | ||
| 008 | 220917b |||||||| |||| 00| 0 eng d | ||
| 020 |
_a0072920491 (hbk) _c7709.18 |
||
| 024 | _a269,888 | ||
| 037 |
_b3824, 11/03/2013, Unilib Book Distributors _cTextual |
||
| 040 |
_aARTS _cARTS _beng |
||
| 041 |
_2eng _aeng |
||
| 082 | _aS:7, P5 | ||
| 100 |
_aLarsen S _913551 |
||
| 245 | 0 |
_aPersonalily psychology _b Domains of knowledge about human nature |
|
| 250 | _a2nd | ||
| 260 |
_aBoston _bMcGraw Hill USA _c2005 |
||
| 300 |
_axxviii,651p. _ccm. |
||
| 650 | _aPSYCHOLOGY | ||
| 700 |
_a Buss David M _913552 |
||
| 942 |
_hS:7, P5 _cTEXL _2CC |
||
| 999 |
_c119938 _d119938 |
||